000 00965nam a2200313Ia 4500
001 Z_5131
003 CHAP
008 220113s2=00 xx 000 0 und d
010 _a168188
040 _cCHAP
090 _aFolleto 685
100 _aVillanueva Avalos, José Francisco
_9133931
245 _aFluctuación y deficiencias nutricionales en la dieta de bovinos en pastoreo de praderas de pasto llanero Andropogon gayanus Kunth /
_cpor José Francisco Villanueva Avalos
260 _aSantiago Ixc., Nayarit :
_bINIFAP. Campo Experimental El Verdineño,
_c2002
300 _a55 p.
440 _aFolleto técnico num. 2 (división pecuaria)
_9142452
500 _a
503 _a
650 _aAndropogon gayanus
_95727
650 _aBovinos
_xPastoreo
_9142453
650 _aPasto llanero
_9142454
650 _aPastoreo
_985984
901 _aFolleto 685
902 _aA
910 _a2=00
942 _cc14
942 _cc14
999 _c168188
_d168188